• 首页
  • 本馆介绍
  • 公告通知
  • 最新文献
  • 馆藏检索
  • 电子资源
  • 读者导购
  • 参考咨询
  • 我的图书馆
  • 登录
  • 详细信息显示
  • 放入我的书架
  • 预约/预借图书
  • 作者相关作品
  • 分类相关作品
  • 丛书相关作品
  • 出版社相关作品

书目信息

  • 表格格式
  • 工作单格式
  • 卡片格式
题名:
环境法治:参与和见证
    
 
作者: 马骧聪 著
分册:  
出版信息: 北京   中国社会科学出版社  2012
页数: 517页
开本: 24cm
丛书名: 中国社会科学院老学者文库
单 册:
中图分类: D922.604
科图分类:
主题词: 资源法--中国--文集 , 环境保护法--中国--文集 , 资源法 , 环境保护法
电子资源:
ISBN: 978-7-5161-1117-8
000 01194oam2 2200301 450
001 523
005 20140908082237.93
010    @a978-7-5161-1117-8@dCNY72.00
100    @a20121113d2012 em y0chiy50 ea
101 0  @achi
102    @aCN@b110000
105    @aa zn 000yy
106    @ar
200 1  @a环境法治:参与和见证@AHuan Jing Fa Zhi: Can Yu He Jian Zheng@e环境资源法学论文选集@EHuan Jing Zi Yuan Fa Xue Lun Wen Xuan Ji@f马骧聪著@FMa Xiang Cong Zhu
210    @a北京@c中国社会科学出版社@d2012
215    @a517页@c彩照@d24cm
225 2  @a中国社会科学院老学者文库
330    @a本书分为论文、研究报告、重要历史文献编辑、法律翻译四部分,收录了《环境保护法浅论》、《加强环境保护领域的法制》、《关于环境与资源保护法律体系框架及九届人大期间立法的意见和建议》、《苏俄自然保护法》等文集。
461  0 @12001 @a中国社会科学院老学者文库
517 1  @a环境资源法学论文选集@AHuan Jing Zi Yuan Fa Xue Lun Wen Xuan Ji
606 0  @a资源法@y中国@j文集
606 0  @a环境保护法@y中国@j文集
606 0  @a资源法
606 0  @a环境保护法
690    @aD922.604@v5
701  0 @a马骧聪@AMa Xiang Cong@f(1934.1~)@4著
801  0 @aCN@bTANGWEI@c20140603
905    @b0840154-56@dD922.604@e1171@f3
    
    环境法治:参与和见证:环境资源法学论文选集/马骧聪著.-北京:中国社会科学出版社,2012
    517页:彩照;24cm.-(中国社会科学院老学者文库)
    
    
    ISBN 978-7-5161-1117-8:CNY72.00
    本书分为论文、研究报告、重要历史文献编辑、法律翻译四部分,收录了《环境保护法浅论》、《加强环境保护领域的法制》、《关于环境与资源保护法律体系框架及九届人大期间立法的意见和建议》、《苏俄自然保护法》等文集。
●
相关链接 在E读中查询图书 在五车中查询图书 在当当中查询图书 在豆瓣中查询图书


正题名:环境法治:参与和见证     索取号:D922.604/1171         预约/预借

序号 登录号 条形码 馆藏地/架位号 状态 备注
1 0840154   208401549   第一样本阅览室/ [索取号:D922.604/1171] 在馆    
2 0840155   208401558   第一借阅区/ [索取号:D922.604/1171] 在馆    
3 0840156   208401567   密集书库-史法系/ [索取号:D922.604/1171] 在馆    
唐山师范学院图书馆 欢迎您!
大连网信软件有限公司© 版权所有